000 00804nmc a2200301 a 4500
003 AR-BaBNM
005 20251128205645.0
008 128019s1997 ||||||||||||||000 | spa||
020 _a84-7509-524-0
040 _cAR-BaBNM
100 1 _aGeertz, Clifford
245 1 0 _aEl antropólogo como autor
250 _a1| ed.
260 _aBarcelona
_bPaidós
_c1997
300 _a163 p.
490 0 _aPaidós studio
_vv. 73
500 _aContiene índice analítico en p. 159
650 4 _aANTROPOLOGIA CULTURAL Y SOCIAL
650 4 _aGRUPOS ETNICOS
650 4 _aETNOCENTRISMO
650 4 _aETNOLOGIA
650 4 _aMINORIAS CULTURALES
650 4 _aCULTURAS TRADICIONALES
650 4 _aCOSTUMBRES Y TRADICIONES
700 1 _aCardín, Alberto
_etraductor
942 _cBK
998 _cMARTIN
999 _c12268
_d12268